| 000 | 010190000a22003250004500 | ||
|---|---|---|---|
| 001 | 20732 | ||
| 003 | CO-MdFUSB | ||
| 005 | 20180622170415.0 | ||
| 008 | 160913b xxu||||| |||| 00| 0 eng d | ||
| 020 | _a978-0-281-05843-3 | ||
| 040 |
_cCO-MdFUSB _dCO-MdFUSB |
||
| 041 | _aspa | ||
| 082 |
_224 _aG 273 _bH542h |
||
| 245 | 1 | 0 |
_aHeresies and how to avoid them : _bWhy it matters what Christians believe _c/ Edited by Ben Quash, Michael Ward |
| 264 |
_aLondon : _bSPCK, _c2007 |
||
| 300 | _axi, 148 páginas | ||
| 336 |
_2rdacontent _a1 _ba1 |
||
| 337 |
_2rdamedia _a2 _b5 |
||
| 338 |
_2rdacarrier _a2 _b5 |
||
| 500 | _aIncluye índice (p. 146-148) | ||
| 501 | _aRústico | ||
| 505 | 0 | 0 | _aHerejías de la persona de Cristo y cómo evitarlas - Herejías de la iglesia y la vida cristiana y cómo evitarlas |
| 650 | 7 |
_982 _aArrianismo |
|
| 650 | 7 |
_9352 _aDocetismo |
|
| 650 | 7 |
_9353 _aNestorianismo |
|
| 650 | 7 |
_9354 _aEutiquianismo |
|
| 650 | 7 |
_9355 _aTeopasquismo |
|
| 942 | _cBK | ||
| 999 |
_c47083 _d47083 |
||